zpět

Detail výsledku týmu

Hasičárna Novesta, Zlín

Datum a čas kvízu

26 Celkem bodů Celkový počet nahraných bodů na tomto kvízu bez doplňovacích otázek.
15. Pořadí na kvízu Konečné umístění týmu na tomto kvízu.

Zaznamenané odpovědi

# Otázka Odpověď Body Výsledky
1. Ženevský odvolací soud potvrdi... Sabina Slonková, Jiří Kubík 0.5
2. Jistý stát zažil minulý týden... Čína 0
3. V úterý jsme se dozvěděli, že... Blade Runner 1
4. Španělská policie zatkla na ji... s viagrou (lékem na potenci) 0
5. 34letý trojnásobný mistr světa... Peter Sagan 0
6. Součástí televizního programu... Hodina pravdy 0
7. Milovníkům AZ-kvízu či zábavný... pěstební dělnice 0
8. Napište název televizní soutěž... Kufr 1
9. V dnešní době je velmi populár... čtyřikrát 1
10. Kdo z uvedených nikdy nemodero... D 1